Das große Ibo Quiz - Statistiken

Allgemein
  • Dieses Quiz wurde 4 mal gespielt
  • Das Durchschnittsergebnis liegt bei 7 aus 93
Antwortstatistiken
% Korrekt
Ibiza
100%
Ibiza
100%
Alles oder nichts
33%
Alter Schwede
33%
Ein Himmelbett im Internet
33%
Ein Uhr nachts
33%
Hello
33%
Ich brauch dich in der Wirklichkeit
33%
Keine Bange, ich lieb´ dich nicht
33%
Mit offenen Karten
33%
Nächtelang im Größenwahn
33%
Ratzfatz nach Mallorca
33%
Sandsturm in der Wüste
33%
Sowieso
33%
Tequila Reggae
33%
Volles Programm
33%
Wer
33%
1000 Türen fallen zu
0%
10 Millionen Jahre
0%
Alles auf rot
0%
Alles klar
0%
Alte Liebe rostet nicht
0%
An deiner Stelle nähm ich mich
0%
An der bayrischen Küste
0%
Baby Blue
0%
Blau und weiß
0%
Dann tu's doch
0%
Das Ende der Welt
0%
Das kann ich auch
0%
Das könnte dir so passen
0%
Das Tagebuch
0%
Der Adler
0%
Der liebe Gott ist ganz begeistert
0%
Der reichste Mann der Welt
0%
Der siebte Himmel stürzt ein
0%
Die Hölle ist schön
0%
Dreimal täglich
0%
Du bist zu schön
0%
Ein armes Schwein
0%
Einen Tag mal Mädchen sein
0%
Frei
0%
Freitagnacht
0%
Gott sei Dank für dich
0%
Gracias amor
0%
Großstadtmädchen
0%
Hallo Leute
0%
Haß mich oder vernasch mich
0%
Hunger auf dich
0%
Ibiza, Teil 2 (Wenn du mich brauchst)
0%
Ich gebe dich frei
0%
Ich habs nicht so gemeint
0%
Ich vermiss dich nicht
0%
Ich wette eine Million
0%
Ich will leben
0%
Ich wünsche dir schlaflose Nächte
0%
Ich zuerst
0%
In einem anderen Licht
0%
Jede Menge Liebe
0%
Jede Stunde und Sekunde
0%
Jetzt liegt es an dir
0%
Jetzt oder nie
0%
Kein Pardon
0%
Kopf oder Zahl
0%
Licht aus
0%
Mädchen wie du
0%
Manche Typen lernen´s nie
0%
Mann im Mond
0%
Meine Königin
0%
Mein Publikum
0%
Niemals
0%
Nimm den ersten Flieger
0%
Nimm mich wie ich bin
0%
Nur ein Kuß und dann Goodbye
0%
Playboy
0%
Rauch in deinen Augen
0%
Schuss ins Herz
0%
Schwarze Rose
0%
Sieben Jahre
0%
Sieben Wunder
0%
Sofort
0%
Spieglein, Spieglein an der Wand
0%
Süßes Blut
0%
Süßes Blut
0%
Tierisch drauf
0%
Traumfrau
0%
Tu solo tu
0%
Unterschätze mich nicht
0%
Verlang ich zuviel
0%
Was macht schon die eine Nacht
0%
Wie kann ich wissen
0%
Wo warst du als, ich heute Feuer fing?
0%
Zieh die Schuhe Aus
0%
Zwei Frauen zu lieben
0%
Keine übereinstimmenden Quizze gefunden
Verteilung der Resultate
Anzahl Personen mit jedem Resultat
Perzentil nach korrekt beantworteten Fragen
Ihre Resultats-Entwicklung
Sie haben dieses Quiz noch nicht gespielt